Guess the Main Characters- The Good Place - Statistics

General Stats
  • This quiz has been taken 46 times
  • The average score is 5 of 6
Answer Stats
Actor Character % Correct
Kristen Bell Eleanor Shellstrop
95%
Ted Danson Michael
92%
William Jackson Harper Chidi Anagonye
89%
D'Arcy Carden Janet Della-Denunzio
89%
Manny Jacinto Jason Mendoza
89%
Jameela Jamil Tahani Al-Jamil
89%
No matching quizzes found
Score Distribution
Percent of People with Each Score
Percentile by Number Answered
Your Score History
You have not taken this quiz